<?xml version="1.0" encoding="UTF-8"?>
<record
    xmlns:xsi="http://www.w3.org/2001/XMLSchema-instance"
    xsi:schemaLocation="http://www.loc.gov/MARC21/slim http://www.loc.gov/standards/marcxml/schema/MARC21slim.xsd"
    xmlns="http://www.loc.gov/MARC21/slim">

  <leader>03942    a2200265   4500</leader>
  <controlfield tag="001">28937</controlfield>
  <controlfield tag="005">20260407155558.0</controlfield>
  <controlfield tag="008">260407a1999    arg                 spa d</controlfield>
  <controlfield tag="003">AR-UNSa-BCEJYS</controlfield>
  <datafield tag="040" ind1=" " ind2=" ">
    <subfield code="a">AR-UNSa-BCEJYS</subfield>
    <subfield code="b">spa</subfield>
    <subfield code="c">AR-UNSa-BCEJYS</subfield>
  </datafield>
  <datafield tag="080" ind1=" " ind2=" ">
    <subfield code="a">349.22:331.106</subfield>
    <subfield code="x">Contrato de trabajo</subfield>
  </datafield>
  <datafield tag="245" ind1="1" ind2="0">
    <subfield code="a">R&#xE9;gimen legal del contrato de trabajo</subfield>
    <subfield code="p">Ley 25.744, t.o. 1976 y sus modificatorias</subfield>
  </datafield>
  <datafield tag="020" ind1=" " ind2=" ">
    <subfield code="a">950-727-223-2</subfield>
  </datafield>
  <datafield tag="264" ind1=" " ind2="1">
    <subfield code="a">Buenos Aires :</subfield>
    <subfield code="b">Rubinzal-Culzoni Editores</subfield>
    <subfield code="c">1999</subfield>
  </datafield>
  <datafield tag="300" ind1=" " ind2=" ">
    <subfield code="a">368 p.</subfield>
    <subfield code="c">22 cm.</subfield>
  </datafield>
  <datafield tag="505" ind1=" " ind2=" ">
    <subfield code="a">T&#xED;tulo I: Disposiciones Generales -- T&#xED;tulo II: Del contrato de trabajo en general: 1. Del contrato y la relaci&#xF3;n de trabajo - 2. De los sujetos del contrato de trabajo - 3. De los requisitos esenciales y formales del contrato de trabajo - 4. Del objeto del contrato de trabajo - 5. De la formaci&#xF3;n del contrato de trabajo - 6. De la forma y prueba del contrato de trabajo - 7. De los derechos y deberes de las partes - 8. De la formaci&#xF3;n profesional -- T&#xED;tulo III: De las modalidades del contrato de trabajo: 1. Principios generales - 2. Del contrato de trabajo a plazo fijo - 3. Del contrato de trabajo de temporada - 4. Del contrato de trabajo eventual - 5. Del contrato de trabajo de grupo o por equipo -- T&#xED;tulo IV: De la remuneraci&#xF3;n del trabajador: 1. Del sueldo o salario en general - 2. Del salario m&#xED;nimo  vital y m&#xF3;vil - 3. Del sueldo anual complementario - 4. De la tutela y pago de la remuneraci&#xF3;n -- T&#xED;tulo V: De las vacaciones y otras licencias: 1. R&#xE9;gimen general - 2. R&#xE9;gimen de las licencias especiales - 3. Disposiciones comunes -- T&#xED;tulo VI: De los feriados obligatorios y d&#xED;as no laborales -- T&#xED;tulo VII: Trabajo de mujeres: 1. Disposiciones generales - 2. De la protecci&#xF3;n de la maternidad - 3. De la prohibici&#xF3;n del despido por causa de matrimonio - 4. Del estado de excedencia -- T&#xED;tulo VIII: Del trabajo de los menores -- T&#xED;tulo IX: De la duraci&#xF3;n del trabajo y descanso semanal: 1. Jornada de trabajo - 2. Del descanso semanal -- T&#xED;tulo X: De la Suspensi&#xF3;n de ciertos efectos del contrato de trabajo: 1. De los accidentes y enfermedades inculpables  - 2. Servicio militar y convocatorias especiales - 3. Del desempe&#xF1;o de cargos electivos - 4. Del desempe&#xF1;o de cargos electivos o representativos en asociaciones profesionales de trabajadores con personer&#xED;a gremial o en organismos o comisiones que requieran representaci&#xF3;n sindical - 5. De las suspensiones por causas econ&#xF3;micas y disciplinarias -- T&#xED;tulo XI: De la transferencia del contrato de trabajo -- T&#xED;tulo XII: De la extinci&#xF3;n del contrato de trabajo: 1. Del preaviso - 2. De la extinci&#xF3;n del contrato de trabajo por renuncia del trabajador - 3. De la extinci&#xF3;n del contrato de trabajo por voluntad concurrente de las partes - 4. De la extinci&#xF3;n del contrato de trabajo por justa causa - 5. De la extinci&#xF3;n del contrato de trabajo por fuerza mayor o por falta o disminuci&#xF3;n de trabajo - 6. De la extinci&#xF3;n del contrato de trabajo por muerte del trabjador - 7. De la extinci&#xF3;n del contrato de trabajo por muerte del empleador - 8. De la extinci&#xF3;n del contrato de trabajo por vencimiento del plazo - 9. De la extinci&#xF3;n del contrato por quiebra o concurso del empleador - 10. De la extinci&#xF3;n del contrato de trabajo por jubilaci&#xF3;n del trabajador - 11. De la extinci&#xF3;n del contrato de trabajo por incapacidad o inhabilidad del trabajador - 12. Disposici&#xF3;n com&#xFA;n -- T&#xED;tulo XIII: De la prescripci&#xF3;n y caducidad -- Titulo XIV: De los privilegios: 1. De la preferencia de los cr&#xE9;ditos laborales - 2. De las clases de privilegios -- T&#xED;tulo XV: Disposiciones complementarias</subfield>
  </datafield>
  <datafield tag="041" ind1=" " ind2=" ">
    <subfield code="a">spa</subfield>
  </datafield>
  <datafield tag="942" ind1=" " ind2=" ">
    <subfield code="c">BK</subfield>
  </datafield>
  <datafield tag="590" ind1=" " ind2=" ">
    <subfield code="a">niveau_biblio:m niveau_hierar:0</subfield>
  </datafield>
  <datafield tag="100" ind1="1" ind2=" ">
    <subfield code="a">Rubio, Valent&#xED;n</subfield>
  </datafield>
  <datafield tag="700" ind1="1" ind2=" ">
    <subfield code="a">Piatti, Graciela M.</subfield>
  </datafield>
  <datafield tag="650" ind1=" " ind2=" ">
    <subfield code="a">Ley N&#xBA; 20.744</subfield>
  </datafield>
  <datafield tag="856" ind1="4" ind2="1">
    <subfield code="u">https://170.210.207.44/pmb/images/libros/L119987.jpg</subfield>
    <subfield code="y">Imagen de portada</subfield>
    <subfield code="q">image/jpeg</subfield>
  </datafield>
  <datafield tag="650" ind1=" " ind2=" ">
    <subfield code="a"> ley n&#xBA; 20 744 </subfield>
  </datafield>
  <datafield tag="999" ind1=" " ind2=" ">
    <subfield code="c">1756</subfield>
    <subfield code="d">1756</subfield>
  </datafield>
  <datafield tag="952" ind1=" " ind2=" ">
    <subfield code="0">0</subfield>
    <subfield code="1">0</subfield>
    <subfield code="4">0</subfield>
    <subfield code="7">0</subfield>
    <subfield code="a">BCEJYS</subfield>
    <subfield code="b">BCEJYS</subfield>
    <subfield code="c">16</subfield>
    <subfield code="d">2026-04-07</subfield>
    <subfield code="l">0</subfield>
    <subfield code="o">349.22:331.106 R896</subfield>
    <subfield code="p">L119987</subfield>
    <subfield code="r">2026-04-07 15:55:58</subfield>
    <subfield code="w">2026-04-07</subfield>
    <subfield code="y">L</subfield>
  </datafield>
</record>
